Estrella distante

Uloženo v:
Podrobná bibliografie
Hlavní autor: Bolaño, Roberto (Autor)
Médium: Kniha
Jazyk:španělština
Vydáno: Barcelona Anagrama 1996
Vydání:1a. ed
Edice:Compactos Anagrama, 242
Témata:
Tagy: Přidat tag
Žádné tagy, Buďte první, kdo vytvoří štítek k tomuto záznamu!

MARC

LEADER 00000cam a2200000 a 4500
001 UCK6969
003 CL-VaPUC
008 051028e19960000SP |||||||||||||||||spa|d
020 |a 8433966731 
082 0 4 |a Ch863  |b BOL  |2 21 
100 0 |a Bolaño, Roberto  |e author  |9 496439 
245 1 0 |a Estrella distante 
250 |a 1a. ed 
300 |a 157 p 
942 |c BK 
945 |d 20051028 00:00:00  |a cmena 
260 |a Barcelona  |b Anagrama  |c 1996 
650 0 |a Novelas chilenas   |9 265425 
650 0 |a Literatura chilena   |9 308278 
583 |a last modification  |c 20131025 08:15:22  |k Rodrigo Vera 
490 0 |a Compactos Anagrama, 242 
999 |c 315063  |d 315061 
952 |0 0  |1 0  |3 erb  |4 0  |6 CH_863_000000000000000_BOL_1996  |7 0  |8 R  |9 387967  |a BIBEDU  |b BIBEDU  |c MCIRC  |d 2019-11-22  |i 5025753  |l 4  |o Ch863 BOL 1996  |p 5025753  |r 2024-05-16  |s 2024-05-15  |w 2019-11-22  |y BK_R  |z Catalogado en:20131111  |k LIT